|
|
|
|
| LEADER |
01258nam a2200337 a 4500 |
| 001 |
c000183885 |
| 003 |
CARM |
| 005 |
20050609115847.0 |
| 008 |
881205s1990 maua 001 0 eng |
| 010 |
|
|
|a 88038232 //r92
|
| 019 |
1 |
|
|a 6168886
|5 LACONCORD2021
|
| 020 |
|
|
|a 0878353577
|
| 035 |
|
|
|a (OCoLC)18948880
|5 LACONCORD2021
|
| 040 |
|
|
|a LC
|b eng
|c LC
|d VIT
|
| 050 |
0 |
0 |
|a QA76.754
|b .S525 1990
|
| 082 |
0 |
0 |
|a 005.36
|2 19
|
| 100 |
1 |
|
|a Shelly, Gary B.
|
| 245 |
1 |
0 |
|a Learning to use WordPerfect, Lotus 1-2-3, and dBase III Plus /
|c Gary B. Shelly, Thomas J. Cashman.
|
| 260 |
|
|
|a [Boston, MA] :
|b Boyd & Fraser,
|c c1990.
|
| 300 |
|
|
|a 1 v. (various pagings) :
|b ill. (some col.) ;
|c 28 cm.
|
| 490 |
1 |
|
|a Shelly and Cashman series
|
| 500 |
|
|
|a Includes indexes.
|
| 630 |
0 |
0 |
|a WordPerfect (Computer file)
|
| 630 |
0 |
0 |
|a Lotus 1-2-3 (Computer file)
|
| 630 |
0 |
0 |
|a dBase III plus (Computer file)
|
| 650 |
|
0 |
|a Computer software.
|
| 700 |
1 |
|
|a Cashman, Thomas J.
|
| 800 |
1 |
|
|a Shelly, Gary B.
|t Shelly and Cashman series.
|
| 852 |
8 |
|
|b CARM
|h A1:AQ06D0
|i D07964
|p 0255680
|f BK
|
| 999 |
f |
f |
|i 2f4f1539-cab2-5407-acca-66250b341c37
|s 9b11c22f-6245-5bef-9bc6-d5616c63e398
|
| 952 |
f |
f |
|p Can circulate
|a CAVAL
|b CAVAL
|c CAVAL
|d CARM 1 Store
|e D07964
|f A1:AQ06D0
|h Other scheme
|i book
|m 0255680
|